[Event "SVK-chT2A 2324"]
[Site "Slovakia"]
[Date "2023.11.11"]
[Round "3.5"]
[White "Matulik, Daniel"]
[Black "Straka, Ivan"]
[Result "1-0"]
[WhiteElo "2090"]
[BlackElo "1597"]
[PlyCount "85"]
[EventDate "2023.10.07"]
[EventType "team-tourn"]
[EventRounds "11"]
[EventCountry "SVK"]
[SourceTitle "EXT 2025"]
[Source "ChessBase"]
[SourceDate "2024.10.14"]
[SourceVersion "1"]
[SourceVersionDate "2024.10.14"]
[SourceQuality "1"]
[WhiteTeam "Piestany Kupele"]
[BlackTeam "Dubravan"]
[WhiteTeamCountry "SVK"]
[BlackTeamCountry "SVK"]

1. d4 d5 2. Nf3 Nf6 3. e3 Bf5 4. Nh4 Bg6 5. Nxg6 hxg6 6. c4 dxc4 7. Bxc4 Qd6 8. Qb3 e6 9. Qxb7 Qb4+ 10. Qxb4 Bxb4+ 11. Bd2 Bxd2+ 12. Nxd2 Nbd7 13. Rc1 c5 14. dxc5 Nxc5 15. Bb5+ Ncd7 16. 0-0 Rh5 17. Be2 Ra5 18. a3 Rb8 19. Nc4 Rc5 20. b4 Rd5 21. Rfd1 Ke7 22. Na5 Rxd1+ 23. Bxd1 Kd6 24. Rc6+ Ke7 25. Bb3 Ne8 26. Kf1 Nb6 27. Ke2 Rd8 28. Rxb6 axb6 29. Nc6+ Kd7 30. Nxd8 Kxd8 31. a4 Nd6 32. Kd3 e5 33. Bd5 f6 34. a5 Kc7 35. f4 bxa5 36. bxa5 exf4 37. exf4 Kb8 38. Kd4 Nf5+ 39. Kc5 Ka7 40. Be4 Ne3 41. Kd4 Nf1 42. Bd3 Nd2 43. Kc3 1-0

[Event "SVK-chT2A 1819"]
[Site "Slovakia"]
[Date "2019.02.03"]
[Round "7.5"]
[White "Matulik, Daniel"]
[Black "Kubis, Ivan"]
[Result "1-0"]
[WhiteElo "2093"]
[BlackElo "1883"]
[PlyCount "77"]
[EventDate "2018.10.13"]
[EventType "team-tourn"]
[EventRounds "11"]
[EventCountry "SVK"]
[SourceTitle "CBM 189 Extra"]
[Source "ChessBase"]
[SourceDate "2019.05.31"]
[SourceVersion "1"]
[SourceVersionDate "2019.05.31"]
[SourceQuality "1"]
[WhiteTeam "Piestany Kupele"]
[BlackTeam "Gbely Nafta"]
[WhiteTeamCountry "SVK"]
[BlackTeamCountry "SVK"]

1. Nf3 Nf6 2. d4 e6 3. e3 b6 4. Bd3 Bb7 5. 0-0 Be7 6. Nbd2 d5 7. Qe2 Nbd7 8. b3 0-0 9. Bb2 c5 10. c4 Rc8 11. Rac1 Re8 12. Rfd1 Bd6 13. e4 dxe4 14. Nxe4 Bxe4 15. Bxe4 Nxe4 16. Qxe4 f5 17. Qd3 Bf4 18. Rb1 Qc7 19. g3 Bh6 20. d5 e5 21. Qxf5 e4 22. Ng5 Bxg5 23. Qxg5 Ne5 24. Bxe5 Rxe5 25. Qf4 Qd6 26. Rb2 Rf8 27. Qg4 h5 28. Qh4 e3 29. fxe3 Rxe3 30. Rf2 Rxf2 31. Kxf2 Qe5 32. Rd2 Re4 33. Qd8+ Kh7 34. Qf8 h4 35. Qf3 Re1 36. Re2 hxg3+ 37. hxg3 Rxe2+ 38. Qxe2 Qd4+ 39. Qe3 1-0

[Event "SVK-chT2A 10/11"]
[Site "Slovakia"]
[Date "2011.03.27"]
[Round "11.1"]
[White "Federic, Jozef"]
[Black "Matulik, Daniel"]
[Result "1-0"]
[WhiteElo "2283"]
[BlackElo "2148"]
[PlyCount "103"]
[EventDate "2010.10.23"]
[EventType "team-tourn"]
[EventRounds "11"]
[EventCountry "SVK"]
[SourceTitle "EXT 2019"]
[Source "ChessBase"]
[SourceDate "2018.10.10"]
[SourceVersion "1"]
[SourceVersionDate "2018.10.10"]
[SourceQuality "1"]
[WhiteTeam "Modra II"]
[BlackTeam "Piestany Kupele"]
[WhiteTeamCountry "SVK"]
[BlackTeamCountry "SVK"]

1. d4 d5 2. c4 c6 3. Nf3 e6 4. Nc3 dxc4 5. g3 Nf6 6. Bg2 Nbd7 7. 0-0 Bb4 8. Qc2 0-0 9. Rd1 Qe7 10. Bf4 h6 11. e4 Bxc3 12. bxc3 b5 13. a4 Bb7 14. Bc1 Rfc8 15. Ba3 Qd8 16. Nd2 Nb6 17. a5 Na4 18. Nxc4 bxc4 19. Qxa4 Ba6 20. Bc5 Qc7 21. Qa3 Re8 22. f4 Rad8 23. Re1 Rd7 24. Rab1 Rb8 25. Rxb8+ Qxb8 26. Bb4 Qb5 27. Bf3 Qb7 28. Qa2 Bb5 29. Qe2 Qc8 30. Kh1 Qc7 31. Qf1 Qc8 32. Bd1 Qb7 33. Bc2 Rd8 34. Kg1 Re8 35. Qf3 Qd7 36. Re2 Rc8 37. h3 Qc7 38. g4 Nd7 39. g5 hxg5 40. fxg5 e5 41. Rf2 Nf8 42. dxe5 Ng6 43. Bd6 Qd7 44. Qf5 c5 45. e6 Qxe6 46. Qxe6 fxe6 47. e5 Be8 48. h4 Rc6 49. h5 Rxd6 50. exd6 Ne5 51. Bg6 Bd7 52. Rb2 1-0

[Event "SVK-chT2A 0910"]
[Site "Slovakia"]
[Date "2009.11.08"]
[Round "4.3"]
[White "Kundrak, Vladimir"]
[Black "Matulik, Daniel"]
[Result "1/2-1/2"]
[WhiteElo "1936"]
[BlackElo "2154"]
[PlyCount "33"]
[EventDate "2009.10.10"]
[EventType "team-tourn"]
[EventRounds "11"]
[EventCountry "SVK"]
[SourceTitle "EXT 2011"]
[Source "ChessBase"]
[SourceDate "2010.11.26"]
[SourceVersion "1"]
[SourceVersionDate "2010.11.26"]
[SourceQuality "1"]
[WhiteTeam "Modra II"]
[BlackTeam "Piestany Kupele"]
[WhiteTeamCountry "SVK"]
[BlackTeamCountry "SVK"]

1. e4 Nf6 2. e5 Nd5 3. d4 d6 4. Nf3 Nc6 5. h3 Bf5 6. exd6 cxd6 7. c3 e6 8. Bd3 Bxd3 9. Qxd3 Be7 10. 0-0 0-0 11. Re1 a6 12. a4 Nf6 13. Bf4 Rc8 14. Nbd2 d5 15. Ne5 Nxe5 16. Bxe5 Bd6 17. Nf3 1/2-1/2

[Event "SVK-chT2A 0809"]
[Site "Slovakia"]
[Date "2008.12.06"]
[Round "5.2"]
[White "Hertel, Ondrej"]
[Black "Matulik, Daniel"]
[Result "1/2-1/2"]
[WhiteElo "2040"]
[BlackElo "2169"]
[PlyCount "34"]
[EventDate "2008.10.11"]
[EventType "team-tourn"]
[EventRounds "11"]
[EventCountry "SVK"]
[SourceTitle "EXT 2010"]
[Source "ChessBase"]
[SourceDate "2010.11.25"]
[SourceVersion "1"]
[SourceVersionDate "2010.11.25"]
[SourceQuality "1"]
[WhiteTeam "Hlohovec SK Zentiva II"]
[BlackTeam "Piestany Kupele"]
[WhiteTeamCountry "SVK"]
[BlackTeamCountry "SVK"]

1. d4 c6 2. c4 d5 3. Nf3 e6 4. Nc3 dxc4 5. a4 Bb4 6. e4 Nf6 7. Qc2 b5 8. Bd2 Bxc3 9. Bxc3 0-0 10. Bb4 Re8 11. e5 Nd5 12. Bd6 Qa5+ 13. Nd2 Nd7 14. Be2 Qb6 15. Nf3 Qa5+ 16. Nd2 Qb6 17. Nf3 Qa5+ 1/2-1/2

[Event "SVK-chT2A 0708"]
[Site "Slovakia"]
[Date "2008.03.08"]
[Round "10.5"]
[White "Kovacova, Zuzana"]
[Black "Matulik, Daniel"]
[Result "1/2-1/2"]
[WhiteElo "2108"]
[BlackElo "2163"]
[PlyCount "30"]
[EventDate "2007.10.06"]
[EventType "team-tourn"]
[EventRounds "11"]
[EventCountry "SVK"]
[SourceTitle "EXT 2010"]
[Source "ChessBase"]
[SourceDate "2010.11.25"]
[SourceVersion "1"]
[SourceVersionDate "2010.11.25"]
[SourceQuality "1"]
[WhiteTeam "Bratislava Doprastav IV"]
[BlackTeam "Piestany Kupele"]
[WhiteTeamCountry "SVK"]
[BlackTeamCountry "SVK"]

1. e4 c6 2. d4 d5 3. Nc3 dxe4 4. Nxe4 Bf5 5. Ng3 Bg6 6. h4 h6 7. h5 Bh7 8. Nf3 Nf6 9. Bd3 Bxd3 10. Qxd3 e6 11. Ne4 Nbd7 12. Bd2 Nxe4 13. Qxe4 Nf6 14. Qe2 Qc7 15. g3 Bd6 1/2-1/2

[Event "SVK-chT2A 0708"]
[Site "Slovakia"]
[Date "2008.02.03"]
[Round "9.2"]
[White "Matulik, Daniel"]
[Black "Hrivnak, Martin"]
[Result "1-0"]
[WhiteElo "2163"]
[BlackElo "2190"]
[PlyCount "103"]
[EventDate "2007.10.06"]
[EventType "team-tourn"]
[EventRounds "11"]
[EventCountry "SVK"]
[SourceTitle "EXT 2010"]
[Source "ChessBase"]
[SourceDate "2010.11.25"]
[SourceVersion "1"]
[SourceVersionDate "2010.11.25"]
[SourceQuality "1"]
[WhiteTeam "Piestany Kupele"]
[BlackTeam "Bratislava Slavia STU"]
[WhiteTeamCountry "SVK"]
[BlackTeamCountry "SVK"]

1. d4 Nf6 2. Nf3 d6 3. g3 Nbd7 4. Bg2 e5 5. dxe5 dxe5 6. 0-0 Bc5 7. Nc3 h6 8. Na4 Bd6 9. c4 Qe7 10. Qc2 0-0 11. Nh4 Nc5 12. Nc3 a5 13. Nf5 Bxf5 14. Qxf5 Qe6 15. Qxe6 Nxe6 16. Nb5 Bc5 17. Bxb7 Rad8 18. b3 Nd4 19. Nxd4 exd4 20. Bd2 Rb8 21. Bf3 a4 22. Rab1 axb3 23. axb3 Bb4 24. Bf4 g5 25. Bxc7 g4 26. Bg2 Rbe8 27. Rb2 Re7 28. Bb6 Bc3 29. Rc2 Nd7 30. Bc7 Rc8 31. Bf4 Nc5 32. Rb1 Bb4 33. Bxh6 Rce8 34. Bf1 Ne4 35. Rd1 Bc5 36. b4 Bxb4 37. Rxd4 Bc5 38. e3 Bxd4 39. exd4 Ra8 40. Be2 f5 41. Be3 Ra1+ 42. Kg2 Re1 43. c5 Ra7 44. c6 Raa1 45. f3 Nd6 46. fxg4 fxg4 47. c7 Kf7 48. d5 Ke7 49. Bc5 Rac1 50. c8Q Rxc2 51. Qe6+ Kf8 52. Bxd6+ 1-0

[Event "SVK-chT1W 0607"]
[Site "Slovakia"]
[Date "2006.11.05"]
[Round "4.3"]
[White "Szitkey, Milan"]
[Black "Matulik, Daniel"]
[Result "1/2-1/2"]
[WhiteElo "2206"]
[BlackElo "2157"]
[PlyCount "102"]
[EventDate "2006.10.07"]
[EventType "team-tourn"]
[EventRounds "11"]
[EventCountry "SVK"]
[SourceTitle "EXT 2008"]
[Source "ChessBase"]
[SourceDate "2007.11.25"]
[SourceVersion "1"]
[SourceVersionDate "2007.11.25"]
[SourceQuality "1"]
[WhiteTeam "Trnava Lokomotiva"]
[BlackTeam "Piestany Kupele"]
[WhiteTeamCountry "SVK"]
[BlackTeamCountry "SVK"]

1. e4 c6 2. d4 d5 3. Nd2 dxe4 4. Nxe4 Bf5 5. Ng3 Bg6 6. h4 h6 7. Nf3 Nd7 8. h5 Bh7 9. Bd3 Bxd3 10. Qxd3 Qc7 11. Bd2 e6 12. Qe2 Ngf6 13. 0-0-0 0-0-0 14. Ne5 Nxe5 15. dxe5 Nd7 16. f4 Be7 17. Rhf1 Nc5 18. Ne4 Nxe4 19. Qxe4 Rd7 20. Be3 Rhd8 21. Rxd7 Qxd7 22. Qf3 Qc7 23. Qf2 Qa5 24. Kb1 b6 25. c4 Qb4 26. Qc2 Qa5 27. a3 Qa6 28. f5 Qb7 29. fxe6 fxe6 30. Rf7 Rd7 31. Rxg7 Qc7 32. Bf4 Bf8 33. Rg6 Rf7 34. Bxh6 Qxe5 35. Rg8 Qf6 36. Rxf8+ Rxf8 37. Bxf8 Qxf8 38. Qe4 Kd7 39. g4 Qf1+ 40. Ka2 Qc1 41. Qd4+ Ke7 42. Kb3 Qg5 43. Kc2 c5 44. Qe4 Kd6 45. Kb3 Qd2 46. Qf3 Ke7 47. Qg3 Qd1+ 48. Ka2 Qd4 49. Kb3 Qd1+ 50. Ka2 Qd4 51. Kb3 Qd1+ 1/2-1/2

[Event "SVK-chT1W 0607"]
[Site "Slovakia"]
[Date "2006.10.07"]
[Round "1.5"]
[White "Matulik, Daniel"]
[Black "Fratric, Igor"]
[Result "1-0"]
[WhiteElo "2157"]
[BlackElo "1990"]
[PlyCount "57"]
[EventDate "2006.10.07"]
[EventType "team-tourn"]
[EventRounds "11"]
[EventCountry "SVK"]
[SourceTitle "EXT 2008"]
[Source "ChessBase"]
[SourceDate "2007.11.25"]
[SourceVersion "1"]
[SourceVersionDate "2007.11.25"]
[SourceQuality "1"]
[WhiteTeam "Piestany Kupele"]
[BlackTeam "Devinska Nova Ves"]
[WhiteTeamCountry "SVK"]
[BlackTeamCountry "SVK"]

1. Nf3 b6 2. g3 Bb7 3. Bg2 Nf6 4. b3 c5 5. c4 e6 6. Bb2 Be7 7. 0-0 0-0 8. Nc3 d5 9. cxd5 exd5 10. d4 cxd4 11. Nxd4 Qd7 12. Qd3 Rd8 13. Rfd1 Na6 14. Qf5 Nc5 15. Qxd7 Rxd7 16. Nf5 Bf8 17. Nb5 a6 18. Bxf6 gxf6 19. Nbd4 Ne6 20. Rac1 Rc8 21. Rxc8 Bxc8 22. Ne3 Bb7 23. Bh3 Rd6 24. Nef5 Rd7 25. Nxe6 fxe6 26. Nd4 f5 27. Nxe6 Bb4 28. Bxf5 Re7 29. Nf4 1-0

[Event "SVK-chT1W 0506"]
[Site "Slovakia"]
[Date "2006.??.??"]
[Round "?"]
[White "Abraham, Jan"]
[Black "Matulik, Daniel"]
[Result "1/2-1/2"]
[WhiteElo "2055"]
[BlackElo "2165"]
[PlyCount "38"]
[EventDate "2005.10.15"]
[EventType "tourn"]
[EventRounds "11"]
[EventCountry "SVK"]
[SourceTitle "EXT 2008"]
[Source "ChessBase"]
[SourceDate "2007.11.25"]
[SourceVersion "1"]
[SourceVersionDate "2007.11.25"]
[SourceQuality "1"]

1. Nf3 d5 2. d4 c6 3. e3 Nf6 4. c4 e6 5. Nbd2 Nbd7 6. b3 Bd6 7. Bd3 e5 8. cxd5 cxd5 9. dxe5 Nxe5 10. Bb5+ Bd7 11. Be2 0-0 12. 0-0 Bf5 13. Nd4 Bd7 14. Bb2 Qe7 15. Rc1 Rac8 16. N2f3 Rxc1 17. Qxc1 Rc8 18. Qa1 Nxf3+ 19. Nxf3 Ne8 1/2-1/2

[Event "SVK-chT1W 0506"]
[Site "Slovakia"]
[Date "2006.??.??"]
[Round "?"]
[White "Kukel, Imre"]
[Black "Matulik, Daniel"]
[Result "1/2-1/2"]
[WhiteElo "2025"]
[BlackElo "2165"]
[PlyCount "180"]
[EventDate "2005.10.15"]
[EventType "tourn"]
[EventRounds "11"]
[EventCountry "SVK"]
[SourceTitle "EXT 2008"]
[Source "ChessBase"]
[SourceDate "2007.11.25"]
[SourceVersion "1"]
[SourceVersionDate "2007.11.25"]
[SourceQuality "1"]

1. d4 d5 2. c4 c6 3. cxd5 cxd5 4. Nc3 Nf6 5. Bf4 a6 6. e3 Nc6 7. Rc1 e6 8. Bd3 Be7 9. Nf3 0-0 10. 0-0 Bd7 11. Ne5 Be8 12. Qe2 Rc8 13. Nxc6 Bxc6 14. Rc2 h6 15. Rfc1 Qd7 16. Qf3 Rfd8 17. Qh3 Bf8 18. g4 g5 19. Be5 Qe7 20. Na4 Nd7 21. Bg3 Qe8 22. Nc5 Nxc5 23. Rxc5 Bb5 24. Bxb5 axb5 25. Rc7 Rxc7 26. Rxc7 Rd7 27. Rc2 Qa8 28. a3 Rd8 29. Qf1 b4 30. axb4 Qa4 31. Qc1 Qxb4 32. h4 Qe7 33. hxg5 Qxg5 34. f3 Bd6 35. Bxd6 Rxd6 36. f4 Qh4 37. Rh2 Qg3+ 38. Rg2 Qh4 39. g5 h5 40. g6 f5 41. Qc8+ Qd8 42. Qxb7 Qd7 43. Qb8+ Qd8 44. Qb5 Kg7 45. Qe2 Qh4 46. Qf2 Qh3 47. Rg3 Qh4 48. Kg2 Ra6 49. Qe1 Rc6 50. Qd1 Rb6 51. Qc2 Qe7 52. Kh3 Qb7 53. Rg2 Rb3 54. Re2 Kxg6 55. Qc1 Kh6 56. Qg1 Qg7 57. Rg2 Qxd4 58. Rg6+ Kh7 59. Rxe6 Qg7 60. Qxg7+ Kxg7 61. Kh4 Rxb2 62. Kxh5 Kf7 63. Re5 Kf6 64. Kh4 Rd2 65. Kg3 d4 66. Kf3 dxe3 67. Kxe3 Rd1 68. Ra5 Rd6 69. Ra8 Re6+ 70. Kf3 Rb6 71. Rf8+ Ke6 72. Kg3 Rb1 73. Rh8 Rg1+ 74. Kf2 Ra1 75. Re8+ Kf6 76. Rh8 Ke6 77. Rh6+ Kd5 78. Ke3 Ra3+ 79. Kf2 Ke4 80. Rh4 Rf3+ 81. Ke2 Rxf4 82. Rxf4+ Kxf4 83. Kf2 Kg4 84. Kg2 Kh5 85. Kf3 Kg6 86. Kf4 Kf6 87. Kf3 Ke5 88. Ke3 Kd5 89. Kf4 Ke6 90. Kf3 Ke5 1/2-1/2

[Event "SVK-chT1W 0405"]
[Site "Slovakia"]
[Date "2005.??.??"]
[Round "10"]
[White "Matulik, Daniel"]
[Black "Kovacocy, Pavol"]
[Result "1-0"]
[WhiteElo "2157"]
[BlackElo "2268"]
[PlyCount "119"]
[EventDate "2004.10.??"]
[EventType "team-tourn"]
[EventRounds "11"]
[EventCountry "SVK"]
[SourceTitle "EXT 2006"]
[Source "ChessBase"]
[SourceDate "2005.11.24"]
[SourceVersion "1"]
[SourceVersionDate "2005.11.24"]
[SourceQuality "1"]

1. Nf3 Nf6 2. d4 g6 3. c4 Bg7 4. Nc3 0-0 5. e4 d6 6. Be2 e5 7. 0-0 Nc6 8. d5 Ne7 9. b4 a5 10. Ba3 b6 11. bxa5 Rxa5 12. Bb4 Ra8 13. a4 Ne8 14. Qb3 f5 15. a5 bxa5 16. Bxa5 fxe4 17. Nxe4 Bf5 18. Nfd2 Rb8 19. Qa3 Nf6 20. Bf3 Nxe4 21. Nxe4 Bxe4 22. Bxe4 Nf5 23. c5 Qe7 24. Bxf5 Rxf5 25. cxd6 cxd6 26. Bb4 Bf8 27. Rac1 Rb5 28. Rc6 Rxd5 29. Qa8 Rd4 30. Rb6 Qf6 31. Qa6 h5 32. Rb8 h4 33. h3 Qe6 34. Qe2 Qd5 35. Rc1 Rdf4 36. Be1 Rg5 37. f3 Rgf5 38. Bd2 Rd4 39. Be3 Rd3 40. Bf2 g5 41. Qc2 Rf7 42. Qa4 Qe6 43. Rc4 Qf5 44. Rg4 Kh7 45. Qe8 Kh6 46. Qd8 Qf6 47. Qc8 Qf5 48. Qc1 Kh5 49. Be3 Rxe3 50. Qxe3 d5 51. Rb5 Rd7 52. Rb3 Bg7 53. Qd3 e4 54. Qb1 Bd4+ 55. Kh1 Rf7 56. Rb5 exf3 57. Qxf5 fxg2+ 58. Kxg2 Rxf5 59. Rxd4 Kg6 60. Rdxd5 1-0

[Event "SVK-chT1W 0405"]
[Site "Slovakia"]
[Date "2005.??.??"]
[Round "8"]
[White "Matulik, Daniel"]
[Black "Mikulas, Dusan"]
[Result "1-0"]
[WhiteElo "2157"]
[BlackElo "2151"]
[PlyCount "81"]
[EventDate "2004.10.??"]
[EventType "team-tourn"]
[EventRounds "11"]
[EventCountry "SVK"]
[SourceTitle "EXT 2006"]
[Source "ChessBase"]
[SourceDate "2005.11.24"]
[SourceVersion "1"]
[SourceVersionDate "2005.11.24"]
[SourceQuality "1"]

1. d4 d5 2. c4 e5 3. dxe5 d4 4. Nf3 Nc6 5. a3 Bg4 6. Bf4 Nge7 7. Nbd2 Ng6 8. g3 Qd7 9. h3 Be6 10. Bg2 a5 11. Ng5 Bf5 12. Bd5 Nd8 13. Bg2 h6 14. Nge4 a4 15. e3 Nc6 16. g4 Be6 17. 0-0 h5 18. Ng5 hxg4 19. Nxe6 Qxe6 20. Qxg4 Qxg4 21. hxg4 Ngxe5 22. Bxe5 Nxe5 23. exd4 Nd3 24. Bxb7 Rb8 25. Be4 Nf4 26. Bc6+ Kd8 27. Rfe1 Bd6 28. Rab1 Nh3+ 29. Kf1 Bf4 30. Nf3 Rb6 31. Bxa4 Rf6 32. Re2 Bd6 33. Rbe1 c6 34. Bxc6 Kc7 35. Be4 Nf4 36. c5 Bf8 37. Rc2 Rh1+ 38. Ng1 Rh2 39. d5 Ng6 40. d6+ Kd7 41. Bf5+ 1-0

[Event "SVK-chT1W 0001"]
[Site "Slovakia"]
[Date "2001.??.??"]
[Round "6"]
[White "Detko, Jan"]
[Black "Matulik, Daniel"]
[Result "1/2-1/2"]
[WhiteElo "2131"]
[BlackElo "2179"]
[PlyCount "40"]
[EventDate "2000.??.??"]
[EventType "team-tourn"]
[EventRounds "11"]
[EventCountry "SVK"]
[SourceTitle "EXT 2002"]
[Source "ChessBase"]
[SourceDate "2001.11.25"]
[SourceVersion "1"]
[SourceVersionDate "2001.11.25"]
[SourceQuality "1"]

1. e4 c6 2. d4 d5 3. e5 c5 4. dxc5 Nc6 5. Bb5 e6 6. Be3 Qa5+ 7. Nc3 Bd7 8. Bxc6 Bxc6 9. Nf3 Bxc5 10. Bxc5 Qxc5 11. Qd4 Qxd4 12. Nxd4 Ne7 13. f4 0-0 14. Kd2 Rac8 15. g4 Bd7 16. Rae1 Rc4 17. Kd3 Rfc8 18. Nce2 Rb4 19. b3 Bb5+ 20. Nxb5 Rxb5 1/2-1/2

[Event "SVK-chT1W 0001"]
[Site "Slovakia"]
[Date "2001.??.??"]
[Round "5"]
[White "Sycova, Miroslava"]
[Black "Matulik, Daniel"]
[Result "1/2-1/2"]
[WhiteElo "2053"]
[BlackElo "2179"]
[PlyCount "68"]
[EventDate "2000.??.??"]
[EventType "team-tourn"]
[EventRounds "11"]
[EventCountry "SVK"]
[SourceTitle "EXT 2002"]
[Source "ChessBase"]
[SourceDate "2001.11.25"]
[SourceVersion "1"]
[SourceVersionDate "2001.11.25"]
[SourceQuality "1"]

1. e4 c6 2. d4 d5 3. Nc3 dxe4 4. Nxe4 Bf5 5. Ng3 Bg6 6. Nf3 Nd7 7. Bd3 Bxd3 8. Qxd3 e6 9. 0-0 Ngf6 10. c3 Be7 11. Bg5 0-0 12. Rfe1 Re8 13. Rad1 Qb6 14. Qc2 c5 15. Bxf6 Nxf6 16. Ne4 cxd4 17. Nxd4 Nxe4 18. Rxe4 Rad8 19. Ree1 Bf6 20. Nf3 Rxd1 21. Rxd1 Rd8 22. Rxd8+ Qxd8 23. c4 Qb6 24. b3 Qa5 25. Qd2 Qxd2 26. Nxd2 Kf8 27. Kf1 Ke8 28. Ke2 Kd7 29. Kd3 Be7 30. f3 Kc6 31. h3 f5 32. Nf1 Bd6 33. Ne3 g6 34. Nc2 Be5 1/2-1/2

[Event "SVK-chT1W 9899"]
[Site "Slovakia"]
[Date "1998.??.??"]
[Round "3"]
[White "Lehocky, Viktor"]
[Black "Matulik, Daniel"]
[Result "0-1"]
[WhiteElo "2065"]
[BlackElo "2145"]
[PlyCount "80"]
[EventDate "1998.??.??"]
[EventType "team-tourn"]
[EventRounds "9"]
[EventCountry "SVK"]
[SourceTitle "EXT 2000"]
[Source "ChessBase"]
[SourceDate "1999.11.16"]
[SourceVersion "1"]
[SourceVersionDate "1999.11.16"]
[SourceQuality "1"]

1. d4 Nf6 2. c4 c5 3. Nf3 d6 4. Nc3 cxd4 5. Nxd4 g6 6. e4 Bg7 7. Be2 0-0 8. Be3 Nbd7 9. 0-0 a6 10. f3 h6 11. Qd2 Kh7 12. Rfd1 Ne5 13. Nc2 Be6 14. b3 Qc7 15. a4 b6 16. Nd4 Nc6 17. Rac1 Nxd4 18. Bxd4 Qb7 19. Nd5 Nxd5 20. Bxg7 Kxg7 21. exd5 Bd7 22. Qd4+ Kh7 23. Re1 Qc7 24. Bd3 e5 25. dxe6 Bxe6 26. Qf6 Qc5+ 27. Kh1 Qg5 28. Qd4 Qc5 29. Qf4 Rad8 30. Rcd1 Kg7 31. Be4 Rfe8 32. Rd2 b5 33. cxb5 axb5 34. Bc2 Bxb3 35. Be4 d5 36. Rb2 bxa4 37. Rc1 Qd4 38. Rd2 Qf6 39. Qxf6+ Kxf6 40. Bc2 Rc8 0-1

[Event "SVK-chT1W 9798"]
[Site "Slovakia"]
[Date "1998.??.??"]
[Round "?"]
[White "Matulik, Daniel"]
[Black "Pereszlenyi, Gejza"]
[Result "1/2-1/2"]
[WhiteElo "2145"]
[BlackElo "2065"]
[PlyCount "41"]
[EventDate "1997.??.??"]
[EventType "team-tourn"]
[EventRounds "11"]
[EventCountry "SVK"]
[SourceTitle "EXT 1999"]
[Source "ChessBase"]
[SourceDate "1998.11.16"]
[SourceVersion "1"]
[SourceVersionDate "1998.11.16"]
[SourceQuality "1"]

1. d4 Nf6 2. Nf3 g6 3. g3 Bg7 4. Bg2 0-0 5. 0-0 d6 6. c4 c5 7. Nc3 Nfd7 8. Bg5 h6 9. Be3 Nc6 10. Qd2 Kh7 11. Rad1 Qa5 12. h4 cxd4 13. Nxd4 Nde5 14. b3 Bd7 15. Nxc6 Bxc6 16. Bd4 Bxg2 17. Kxg2 h5 18. Nd5 Qxd2 19. Rxd2 Nc6 20. Bxg7 Kxg7 21. Rfd1 1/2-1/2

[Event "SVK-chT2 9697"]
[Site "Slovakia"]
[Date "1997.??.??"]
[Round "1"]
[White "Krajcovic, Branislav"]
[Black "Matulik, Daniel"]
[Result "1/2-1/2"]
[WhiteElo "2175"]
[BlackElo "2140"]
[PlyCount "91"]
[EventDate "1996.??.??"]
[EventType "team-swiss"]
[EventRounds "11"]
[EventCountry "SVK"]
[SourceTitle "EXT 1998"]
[Source "ChessBase"]
[SourceDate "1997.11.17"]
[SourceVersion "1"]
[SourceVersionDate "1997.11.17"]
[SourceQuality "1"]

1. e4 c5 2. Nc3 Nc6 3. f4 e6 4. Nf3 a6 5. g3 Rb8 6. Bg2 g6 7. 0-0 d6 8. Kh1 Nge7 9. d4 cxd4 10. Nxd4 Bg7 11. Be3 0-0 12. Qd2 Qc7 13. Rad1 Rd8 14. a4 Bd7 15. Qf2 Nxd4 16. Bxd4 Bxd4 17. Qxd4 Bc6 18. Qf6 b5 19. axb5 axb5 20. Rfe1 Qb7 21. Rd2 b4 22. Nd1 d5 23. Nf2 dxe4 24. Rxd8+ Rxd8 25. Nxe4 Bxe4 26. Bxe4 Qd7 27. Bf3 Nd5 28. Qd4 Qc7 29. Qf2 Nb6 30. Be4 Nc4 31. b3 Nd6 32. Bd3 Qc6+ 33. Qg2 Qc5 34. Qg1 Qd5+ 35. Qg2 Qc5 36. Qg1 Qd5+ 37. Qg2 Qc5 38. Qf3 Qc3 39. Qe3 Qc6+ 40. Kg1 Nf5 41. Qf2 Nd4 42. Be4 Qc7 43. Rd1 Nf5 44. Rd3 Rxd3 45. Bxd3 Qc3 46. Bxf5 1/2-1/2